C-C Match Quiz Stats

 Plays Quiz not verified by Sporcle

Score 0/30 Timer 03:00
0 Plays Today
% Correct
Coca
96.6%
Christopher
95.6%
Cheshire
91.3%
Credit
89.9%
Chinese
88.8%
Cindy
88.6%
Coco
86.9%
Cuckoo
86.9%
Cheech and
86.4%
Calvin
83.8%
Chevy
83.5%
Counting
80%
Candy
79.3%
Cotton
77.5%
Command &
75.1%
% Correct
Community
74.6%
Cash
73.3%
Crossword
73%
Canterbury
71.3%
Common
70.5%
Creature
70.1%
Casting
68.4%
Cross
68%
Cloud
60.2%
Cyber
57.2%
Call
56.6%
Captain
50%
Cubic
48.6%
Copper
45.1%
Chicken
39.1%

You're not logged in!

Compare scores with friends on all Sporcle quizzes.
OR
Log In

Sporcle TV

Today on Sporcle TV


Watch our educational content, quiz creation guides, and fun videos on Sporcle TV.

Show Comments

Extras

Top Quizzes Today


Score Distribution

Your Account Isn't Verified!

In order to create a playlist on Sporcle, you need to verify the email address you used during registration. Go to your Sporcle Settings to finish the process.

Report this User

Report this user for behavior that violates our Community Guidelines.

Details: